AH International Schools' Libraries

Normal view MARC view
  • Lovsin, Polona

Entry Personal Name

Number of records used in: 2

001 - CONTROL NUMBER

  • control field: 86105

003 - CONTROL NUMBER IDENTIFIER

  • control field: OSt

005 - DATE AND TIME OF LATEST TRANSACTION

  • control field: 20250311121314.0

008 - FIXED-LENGTH DATA ELEMENTS

  • fixed length control field: 250311|| aca||aabn | a|a d

040 ## - CATALOGING SOURCE

  • Original cataloging agency: OSt
  • Transcribing agency: OSt

100 ## - HEADING--PERSONAL NAME

  • Personal name: Lovsin, Polona

670 ## - SOURCE DATA FOUND

  • Source citation: Work cat.: (OSt)48565: Joyce, Melanie, author. 61994, I love you, Mommy /, 2015.

For any Logos Library related questions please contact Miss Art at swongnarasuk@asianhope.org.

For any Asian Hope Library related questions please contact Miss Raza at graza@asianhope.org.

Powered by Koha